[Event "Deutsche Ländermeisterschaft 2022"]
[Site "Wiesbaden GER"]
[Date "2022.10.02"]
[Round "3"]
[White "von Mettenheim, Johannes"]
[Black "Gluma, Christian"]
[Result "1/2-1/2"]
[Termination "normal"]
[Board "2.3"]
[WhiteElo "2231"]
[BlackElo "2107"]
[WhiteClock "00:40:23"]
[BlackClock "00:28:52"]
[WhiteTeam "Niedersachsen"]
[BlackTeam "Nordrhein-Westfalen"]
[PlyCount "94"]
[WhiteFideId "16244818"]
[BlackFideId "16223209"]
[EventCountry "GER"]
[EventRounds "7"]
[EventType "team-swiss"]
[EventDate "2022.09.30"]

1. d4 {[%clk 1:30:57]} g6 {[%clk 1:30:56]} 2. e4 {[%clk 1:30:56]} Bg7 {[%clk
1:31:18]} 3. Nc3 {[%clk 1:31:13]} c6 {[%clk 1:31:39]} 4. Nf3 {[%clk 1:29:57]}
d5 {[%clk 1:32:02]} 5. h3 {[%clk 1:28:40]} dxe4 {[%clk 1:26:15]} 6. Nxe4 {[%clk
1:29:01]} Nf6 {[%clk 1:26:31]} 7. Nxf6+ {[%clk 1:29:22]} exf6 {[%clk 1:26:56]}
8. Bd3 {[%clk 1:29:10]} O-O {[%clk 1:27:17]} 9. O-O {[%clk 1:29:34]} a5 {[%clk
1:27:13]} 10. Bf4 {[%clk 1:27:43]} Na6 {[%clk 1:27:02]} 11. c3 {[%clk 1:23:27]}
Be6 {[%clk 1:23:49]} 12. Qc2 {[%clk 1:21:43]} Qb6 {[%clk 1:15:36]} 13. Rfd1
{[%clk 1:11:27]} Rfd8 {[%clk 1:10:28]} 14. Nd2 {[%clk 1:10:07]} Rd7 {[%clk
0:57:58]} 15. Ne4 {[%clk 1:01:28]} f5 {[%clk 0:49:39]} 16. Nd2 {[%clk 0:58:13]}
c5 {[%clk 0:46:00]} 17. dxc5 {[%clk 0:57:30]} Nxc5 {[%clk 0:42:10]} 18. Bf1
{[%clk 0:57:52]} Bd5 {[%clk 0:34:16]} 19. Nc4 {[%clk 0:54:49]} Qe6 {[%clk
0:31:33]} 20. Qe2 {[%clk 0:55:02]} Na4 {[%clk 0:17:34]} 21. Ne3 {[%clk
0:44:22]} Bc6 {[%clk 0:14:51]} 22. Rxd7 {[%clk 0:41:01]} Qxd7 {[%clk 0:14:36]}
23. Nc4 {[%clk 0:35:03]} Bb5 {[%clk 0:10:47]} 24. Qc2 {[%clk 0:34:19]} Bxc4
{[%clk 0:08:18]} 25. Bxc4 {[%clk 0:34:41]} Nb6 {[%clk 0:04:18]} 26. Rd1 {[%clk
0:32:50]} Qe8 {[%clk 0:03:38]} 27. Be2 {[%clk 0:32:47]} Rd8 {[%clk 0:02:15]}
28. Bc7 {[%clk 0:30:19]} Rxd1+ {[%clk 0:02:06]} 29. Qxd1 {[%clk 0:30:43]} Na4
{[%clk 0:01:45]} 30. Bb5 {[%clk 0:30:30]} Nxb2 {[%clk 0:01:41]} 31. Qd2 {[%clk
0:23:43]} Bxc3 {[%clk 0:01:21]} 32. Qxc3 {[%clk 0:24:08]} Qxb5 {[%clk 0:01:41]}
33. Qd4 {[%clk 0:12:56]} Nc4 {[%clk 0:01:05]} 34. Bf4 {[%clk 0:13:18]} Qb1+
{[%clk 0:00:50]} 35. Kh2 {[%clk 0:13:43]} Qe4 {[%clk 0:01:10]} 36. Qd8+ {[%clk
0:14:08]} Kg7 {[%clk 0:01:33]} 37. Bg5 {[%clk 0:14:24]} Qe5+ {[%clk 0:01:32]}
38. f4 {[%clk 0:14:35]} Qd6 {[%clk 0:01:39]} 39. Qc8 {[%clk 0:14:25]} Nd2
{[%clk 0:00:49]} 40. Qxb7 {[%clk 0:10:16]} h6 {[%clk 0:00:43]} 41. Qb2+ {[%clk
0:10:21]} Kh7 {[%clk 0:00:50]} 42. Bxh6 {[%clk 0:08:32]} f6 {[%clk 0:01:09]}
43. Bf8 {[%clk 0:08:53]} Qxf4+ {[%clk 0:00:40]} 44. Kh1 {[%clk 0:09:09]} Qf1+
{[%clk 0:00:41]} 45. Kh2 {[%clk 0:09:34]} Qf4+ {[%clk 0:00:44]} 46. Kh1 {[%clk
0:09:59]} Qf1+ {[%clk 0:28:45]} 47. Kh2 {[%clk 0:40:23]} Qf4+ {[%clk 0:28:52]}
1/2-1/2

[Event "Deutsche Ländermeisterschaft 2022"]
[Site "Wiesbaden GER"]
[Date "2022.10.02"]
[Round "3"]
[White "Besou, Hussain"]
[Black "Kieselbach, Jannik"]
[Result "1-0"]
[Termination "normal"]
[Board "2.4"]
[WhiteElo "2119"]
[BlackElo "1848"]
[WhiteClock "00:34:56"]
[BlackClock "00:04:51"]
[WhiteTeam "Nordrhein-Westfalen"]
[BlackTeam "Niedersachsen"]
[PlyCount "71"]
[WhiteFideId "16269950"]
[BlackFideId "16246403"]
[EventCountry "GER"]
[EventRounds "7"]
[EventType "team-swiss"]
[EventDate "2022.09.30"]

1. d4 {[%clk 1:30:57]} Nf6 {[%clk 1:30:54]} 2. c4 {[%clk 1:31:18]} e6 {[%clk
1:31:17]} 3. Nf3 {[%clk 1:31:36]} b6 {[%clk 1:31:38]} 4. g3 {[%clk 1:31:58]}
Bb7 {[%clk 1:31:56]} 5. Bg2 {[%clk 1:32:21]} c5 {[%clk 1:31:40]} 6. d5 {[%clk
1:30:39]} exd5 {[%clk 1:23:58]} 7. Nh4 {[%clk 1:30:53]} Qc7 {[%clk 1:18:07]} 8.
Nc3 {[%clk 1:26:56]} a6 {[%clk 1:13:10]} 9. Nxd5 {[%clk 1:27:06]} Nxd5 {[%clk
1:11:48]} 10. Bxd5 {[%clk 1:27:27]} Bxd5 {[%clk 1:01:10]} 11. Qxd5 {[%clk
1:26:56]} Qc6 {[%clk 1:01:06]} 12. Qe5+ {[%clk 1:23:23]} Qe6 {[%clk 1:00:58]}
13. Qc3 {[%clk 1:23:05]} Nc6 {[%clk 0:58:53]} 14. Nf3 {[%clk 1:21:49]} h6
{[%clk 0:47:16]} 15. O-O {[%clk 1:01:16]} Be7 {[%clk 0:46:34]} 16. Be3 {[%clk
0:59:33]} Bf6 {[%clk 0:46:35]} 17. Qc2 {[%clk 0:57:13]} Ne5 {[%clk 0:44:25]}
18. Nxe5 {[%clk 0:56:24]} Bxe5 {[%clk 0:44:18]} 19. Rad1 {[%clk 0:55:27]} h5
{[%clk 0:41:56]} 20. Qe4 {[%clk 0:50:47]} Rb8 {[%clk 0:36:14]} 21. b3 {[%clk
0:45:24]} Bc7 {[%clk 0:30:27]} 22. Qf3 {[%clk 0:43:59]} f6 {[%clk 0:18:33]} 23.
Bf4 {[%clk 0:41:27]} Be5 {[%clk 0:08:45]} 24. Rd5 {[%clk 0:40:30]} d6 {[%clk
0:06:54]} 25. Rfd1 {[%clk 0:39:23]} Ke7 {[%clk 0:06:05]} 26. Bxe5 {[%clk
0:37:59]} fxe5 {[%clk 0:03:54]} 27. Rxd6 {[%clk 0:37:05]} Qxd6 {[%clk 0:04:08]}
28. Rxd6 {[%clk 0:37:31]} Kxd6 {[%clk 0:04:28]} 29. Qd5+ {[%clk 0:37:52]} Ke7
{[%clk 0:04:48]} 30. Qxe5+ {[%clk 0:38:12]} Kf7 {[%clk 0:05:11]} 31. Qf5+
{[%clk 0:37:53]} Ke7 {[%clk 0:05:03]} 32. Qg6 {[%clk 0:37:41]} Kf8 {[%clk
0:05:06]} 33. Qd6+ {[%clk 0:34:57]} Kf7 {[%clk 0:05:28]} 34. Qd7+ {[%clk
0:34:50]} Kf6 {[%clk 0:04:53]} 35. e4 {[%clk 0:35:08]} g6 {[%clk 0:04:51]} 36.
f4 {[%clk 0:34:56]} 1-0

[Event "Deutsche Ländermeisterschaft 2022"]
[Site "Wiesbaden GER"]
[Date "2022.10.02"]
[Round "3"]
[White "Nechitaylo, Nikita"]
[Black "Rudolph, Eva"]
[Result "0-1"]
[Termination "normal"]
[Board "2.5"]
[WhiteElo "1651"]
[BlackElo "1911"]
[WhiteClock "00:02:00"]
[BlackClock "00:19:18"]
[WhiteTeam "Niedersachsen"]
[BlackTeam "Nordrhein-Westfalen"]
[PlyCount "52"]
[WhiteFideId "34138161"]
[BlackFideId "16200594"]
[EventCountry "GER"]
[EventRounds "7"]
[EventType "team-swiss"]
[EventDate "2022.09.30"]

1. e4 {[%clk 1:30:58]} c5 {[%clk 1:30:56]} 2. b4 {[%clk 1:31:24]} cxb4 {[%clk
1:31:08]} 3. a3 {[%clk 1:31:50]} bxa3 {[%clk 1:28:53]} 4. d4 {[%clk 1:32:10]}
d6 {[%clk 1:28:00]} 5. Nf3 {[%clk 1:32:06]} Nc6 {[%clk 1:20:09]} 6. d5 {[%clk
1:20:55]} Ne5 {[%clk 1:19:29]} 7. Nxe5 {[%clk 1:14:54]} dxe5 {[%clk 1:19:51]}
8. Nxa3 {[%clk 1:15:05]} Nf6 {[%clk 1:19:23]} 9. f4 {[%clk 1:11:59]} Nxe4
{[%clk 1:10:30]} 10. Bb5+ {[%clk 1:03:32]} Bd7 {[%clk 1:10:40]} 11. Bxd7+
{[%clk 1:04:00]} Qxd7 {[%clk 1:10:39]} 12. fxe5 {[%clk 0:52:48]} Nc3 {[%clk
0:58:30]} 13. Qd4 {[%clk 0:50:19]} Rc8 {[%clk 0:49:26]} 14. Bb2 {[%clk
0:21:03]} Nxd5 {[%clk 0:47:05]} 15. O-O-O {[%clk 0:19:09]} e6 {[%clk 0:45:18]}
16. Nc4 {[%clk 0:18:22]} Qc6 {[%clk 0:42:54]} 17. Rhf1 {[%clk 0:13:15]} Qxc4
{[%clk 0:40:40]} 18. Qf2 {[%clk 0:13:40]} Qc7 {[%clk 0:40:02]} 19. Rxd5 {[%clk
0:05:11]} exd5 {[%clk 0:39:44]} 20. e6 {[%clk 0:05:19]} fxe6 {[%clk 0:39:16]}
21. Qe2 {[%clk 0:05:43]} Be7 {[%clk 0:27:09]} 22. Bxg7 {[%clk 0:04:02]} Rg8
{[%clk 0:25:04]} 23. Be5 {[%clk 0:03:08]} Qc4 {[%clk 0:23:24]} 24. Qh5+ {[%clk
0:02:37]} Kd7 {[%clk 0:23:18]} 25. Rf2 {[%clk 0:02:39]} Qe4 {[%clk 0:19:58]}
26. Re2 {[%clk 0:02:00]} Qg4 {[%clk 0:19:18]} 0-1

[Event "Deutsche Ländermeisterschaft 2022"]
[Site "Wiesbaden GER"]
[Date "2022.10.02"]
[Round "3"]
[White "Möller, Maurin"]
[Black "Nizamova, Rita"]
[Result "1-0"]
[Termination "normal"]
[Board "2.6"]
[WhiteElo "1936"]
[BlackElo "1813"]
[WhiteClock "01:24:07"]
[BlackClock "00:29:04"]
[WhiteTeam "Nordrhein-Westfalen"]
[BlackTeam "Niedersachsen"]
[PlyCount "55"]
[WhiteFideId "16265696"]
[BlackFideId "16221940"]
[EventCountry "GER"]
[EventRounds "7"]
[EventType "team-swiss"]
[EventDate "2022.09.30"]

1. e4 {[%clk 1:30:57]} c5 {[%clk 1:30:58]} 2. c3 {[%clk 1:31:22]} Nf6 {[%clk
1:31:23]} 3. e5 {[%clk 1:31:48]} Nd5 {[%clk 1:31:45]} 4. d4 {[%clk 1:32:14]}
cxd4 {[%clk 1:32:08]} 5. Nf3 {[%clk 1:32:41]} dxc3 {[%clk 1:31:38]} 6. Qxd5
{[%clk 1:33:04]} cxb2 {[%clk 1:31:15]} 7. Bxb2 {[%clk 1:33:27]} e6 {[%clk
1:31:43]} 8. Qe4 {[%clk 1:32:53]} Qb6 {[%clk 1:29:29]} 9. Bd4 {[%clk 1:32:24]}
Qb4+ {[%clk 1:29:14]} 10. Nbd2 {[%clk 1:32:18]} Nc6 {[%clk 1:28:28]} 11. Rb1
{[%clk 1:31:33]} Qa5 {[%clk 1:26:04]} 12. Bd3 {[%clk 1:27:28]} Bb4 {[%clk
1:20:01]} 13. a3 {[%clk 1:26:48]} Qxa3 {[%clk 1:17:53]} 14. O-O {[%clk
1:27:00]} Nxd4 {[%clk 1:04:23]} 15. Qxd4 {[%clk 1:26:09]} Bxd2 {[%clk 1:04:06]}
16. Nxd2 {[%clk 1:26:37]} Qe7 {[%clk 1:00:29]} 17. Ne4 {[%clk 1:25:14]} Kf8
{[%clk 0:45:51]} 18. Rfc1 {[%clk 1:25:06]} g6 {[%clk 0:45:59]} 19. Rc7 {[%clk
1:23:49]} Qa3 {[%clk 0:32:18]} 20. Nd6 {[%clk 1:22:57]} Kg7 {[%clk 0:32:24]}
21. Rbc1 {[%clk 1:22:22]} Qb3 {[%clk 0:31:24]} 22. Bf1 {[%clk 1:22:32]} b5
{[%clk 0:29:32]} 23. Qh4 {[%clk 1:22:39]} h5 {[%clk 0:28:45]} 24. Qf6+ {[%clk
1:22:41]} Kh7 {[%clk 0:28:55]} 25. Qxf7+ {[%clk 1:23:01]} Kh6 {[%clk 0:29:23]}
26. Qf4+ {[%clk 1:23:24]} Kg7 {[%clk 0:29:10]} 27. Nxc8 {[%clk 1:23:47]} Raxc8
{[%clk 0:29:04]} 28. Rxd7+ {[%clk 1:24:07]} 1-0

[Event "Deutsche Ländermeisterschaft 2022"]
[Site "Wiesbaden GER"]
[Date "2022.10.02"]
[Round "3"]
[White "Petrovskiy, Vadim"]
[Black "Holinka, Henning"]
[Result "1-0"]
[Termination "normal"]
[Board "3.1"]
[WhiteTitle "FM"]
[WhiteElo "2320"]
[BlackElo "2245"]
[WhiteClock "00:34:32"]
[BlackClock "00:22:56"]
[WhiteTeam "Hessen"]
[BlackTeam "Hamburg"]
[PlyCount "87"]
[WhiteFideId "14165210"]
[BlackFideId "12967084"]
[EventCountry "GER"]
[EventRounds "7"]
[EventType "team-swiss"]
[EventDate "2022.09.30"]

1. e4 {[%clk 1:30:57]} c5 {[%clk 1:30:49]} 2. Nf3 {[%clk 1:30:08]} d6 {[%clk
1:31:11]} 3. d4 {[%clk 1:30:21]} cxd4 {[%clk 1:31:32]} 4. Nxd4 {[%clk 1:30:47]}
Nf6 {[%clk 1:31:53]} 5. Nc3 {[%clk 1:31:11]} a6 {[%clk 1:31:50]} 6. Be2 {[%clk
1:31:32]} e5 {[%clk 1:32:40]} 7. Nb3 {[%clk 1:31:58]} Be7 {[%clk 1:33:04]} 8.
O-O {[%clk 1:31:46]} O-O {[%clk 1:33:09]} 9. Re1 {[%clk 1:31:59]} Be6 {[%clk
1:32:21]} 10. Bf3 {[%clk 1:32:09]} Qc7 {[%clk 1:25:52]} 11. a4 {[%clk 1:31:30]}
Rc8 {[%clk 1:23:12]} 12. a5 {[%clk 1:20:30]} Nbd7 {[%clk 1:17:53]} 13. Nd2
{[%clk 1:20:40]} Bd8 {[%clk 1:13:08]} 14. Nf1 {[%clk 1:16:09]} Rab8 {[%clk
1:12:17]} 15. Bd2 {[%clk 1:01:30]} b5 {[%clk 0:53:09]} 16. axb6 {[%clk
1:01:41]} Rxb6 {[%clk 0:42:54]} 17. b3 {[%clk 0:57:46]} Rc6 {[%clk 0:40:12]}
18. Nd5 {[%clk 0:55:18]} Bxd5 {[%clk 0:39:52]} 19. exd5 {[%clk 0:55:46]} Rxc2
{[%clk 0:38:16]} 20. Ne3 {[%clk 0:55:39]} Rc5 {[%clk 0:36:39]} 21. b4 {[%clk
0:55:39]} Rb5 {[%clk 0:34:04]} 22. Be2 {[%clk 0:54:27]} Rb6 {[%clk 0:31:40]}
23. Bxa6 {[%clk 0:54:06]} Ra8 {[%clk 0:30:40]} 24. Bf1 {[%clk 0:51:38]} Rbb8
{[%clk 0:28:27]} 25. Rc1 {[%clk 0:34:02]} Qb7 {[%clk 0:25:09]} 26. Nf5 {[%clk
0:33:54]} g6 {[%clk 0:08:25]} 27. Nxd6 {[%clk 0:19:23]} Qxd5 {[%clk 0:08:32]}
28. Nc4 {[%clk 0:17:05]} Be7 {[%clk 0:07:58]} 29. b5 {[%clk 0:14:50]} Bc5
{[%clk 0:03:01]} 30. Ne3 {[%clk 0:14:28]} Qb7 {[%clk 0:03:19]} 31. Qb3 {[%clk
0:14:41]} Bd4 {[%clk 0:03:32]} 32. Bb4 {[%clk 0:12:44]} Ne4 {[%clk 0:03:11]}
33. Ng4 {[%clk 0:09:13]} Ndc5 {[%clk 0:01:28]} 34. Qf3 {[%clk 0:07:02]} Ra2
{[%clk 0:00:53]} 35. Bxc5 {[%clk 0:05:55]} Nxc5 {[%clk 0:01:09]} 36. Qf6 {[%clk
0:06:25]} h5 {[%clk 0:01:00]} 37. Bc4 {[%clk 0:06:43]} hxg4 {[%clk 0:00:37]}
38. Bxa2 {[%clk 0:06:28]} Bxf2+ {[%clk 0:00:33]} 39. Kxf2 {[%clk 0:05:08]} Nd3+
{[%clk 0:00:58]} 40. Kg3 {[%clk 0:05:03]} Nf4 {[%clk 0:00:34]} 41. Qxf7+ {[%clk
0:04:09]} Qxf7 {[%clk 0:25:32]} 42. Bxf7+ {[%clk 0:34:35]} Kxf7 {[%clk
0:25:55]} 43. Rxe5 {[%clk 0:34:51]} g5 {[%clk 0:22:56]} 44. Rc6 {[%clk
0:34:32]} 1-0

[Event "Deutsche Ländermeisterschaft 2022"]
[Site "Wiesbaden GER"]
[Date "2022.10.02"]
[Round "3"]
[White "Hommer, Jeremy"]
[Black "Stork, Oliver"]
[Result "0-1"]
[Termination "normal"]
[Board "3.2"]
[BlackTitle "FM"]
[WhiteElo "2184"]
[BlackElo "2315"]
[WhiteClock "01:16:08"]
[BlackClock "00:25:44"]
[WhiteTeam "Hamburg"]
[BlackTeam "Hessen"]
[PlyCount "90"]
[WhiteFideId "12992577"]
[BlackFideId "12955728"]
[EventCountry "GER"]
[EventRounds "7"]
[EventType "team-swiss"]
[EventDate "2022.09.30"]

1. e4 {[%clk 1:30:56]} c5 {[%clk 1:30:53]} 2. Nf3 {[%clk 1:31:20]} d6 {[%clk
1:31:15]} 3. Bb5+ {[%clk 1:31:39]} Nd7 {[%clk 1:31:38]} 4. O-O {[%clk 1:31:55]}
a6 {[%clk 1:31:54]} 5. Bd3 {[%clk 1:32:18]} Ngf6 {[%clk 1:32:08]} 6. Re1 {[%clk
1:32:27]} e6 {[%clk 1:32:18]} 7. c3 {[%clk 1:32:51]} b5 {[%clk 1:32:37]} 8. Bc2
{[%clk 1:33:08]} c4 {[%clk 1:32:29]} 9. d4 {[%clk 1:33:25]} cxd3 {[%clk
1:32:50]} 10. Qxd3 {[%clk 1:33:49]} Bb7 {[%clk 1:32:33]} 11. a4 {[%clk
1:34:00]} Nc5 {[%clk 1:32:39]} 12. Qe2 {[%clk 1:34:24]} bxa4 {[%clk 1:32:46]}
13. Be3 {[%clk 1:34:38]} Nfd7 {[%clk 1:32:39]} 14. Bxc5 {[%clk 1:33:39]} Nxc5
{[%clk 1:33:02]} 15. Rxa4 {[%clk 1:34:06]} g6 {[%clk 1:31:30]} 16. Rd1 {[%clk
1:32:49]} Be7 {[%clk 1:31:51]} 17. Rad4 {[%clk 1:32:48]} O-O {[%clk 1:30:22]}
18. e5 {[%clk 1:32:50]} Bxf3 {[%clk 1:30:23]} 19. Qxf3 {[%clk 1:33:16]} d5
{[%clk 1:30:38]} 20. Rg4 {[%clk 1:31:41]} Qb8 {[%clk 1:25:47]} 21. Qe2 {[%clk
1:12:13]} Qxb2 {[%clk 1:14:54]} 22. h4 {[%clk 1:12:18]} Ne4 {[%clk 0:57:03]}
23. c4 {[%clk 1:10:17]} Rac8 {[%clk 0:52:48]} 24. Bd3 {[%clk 1:09:45]} Qxe2
{[%clk 0:52:42]} 25. Bxe2 {[%clk 1:09:54]} f5 {[%clk 0:33:45]} 26. exf6 {[%clk
1:05:56]} Rxf6 {[%clk 0:32:47]} 27. cxd5 {[%clk 0:59:26]} Nxf2 {[%clk 0:31:08]}
28. d6 {[%clk 0:56:54]} Nxd1 {[%clk 0:23:13]} 29. dxe7 {[%clk 0:56:45]} Ne3
{[%clk 0:23:37]} 30. Re4 {[%clk 0:54:58]} Nd5 {[%clk 0:22:39]} 31. Bxa6 {[%clk
0:54:06]} Rc1+ {[%clk 0:22:31]} 32. Kh2 {[%clk 0:54:24]} Nxe7 {[%clk 0:19:56]}
33. Nd2 {[%clk 0:54:31]} Nc6 {[%clk 0:08:01]} 34. Nf3 {[%clk 0:54:10]} h6
{[%clk 0:08:07]} 35. Bb5 {[%clk 0:52:22]} Rc5 {[%clk 0:07:13]} 36. Ba4 {[%clk
0:52:10]} Kf8 {[%clk 0:06:35]} 37. Bxc6 {[%clk 0:50:57]} Rxc6 {[%clk 0:05:03]}
38. Ne5 {[%clk 0:51:16]} Rd6 {[%clk 0:03:32]} 39. Ng4 {[%clk 0:51:17]} Rf5
{[%clk 0:03:18]} 40. Nxh6 {[%clk 0:51:39]} Rh5 {[%clk 0:02:01]} 41. Rf4+ {[%clk
0:52:01]} Kg7 {[%clk 0:02:19]} 42. Nf7 {[%clk 0:50:56]} Rdd5 {[%clk 0:02:28]}
43. Kg3 {[%clk 0:49:14]} Rd3+ {[%clk 0:25:04]} 44. Kg4 {[%clk 1:18:42]} e5
{[%clk 0:25:20]} 45. Rf2 {[%clk 1:16:08]} Rf5 {[%clk 0:25:44]} 0-1

[Event "Deutsche Ländermeisterschaft 2022"]
[Site "Wiesbaden GER"]
[Date "2022.10.02"]
[Round "3"]
[White "Laux, Dominik"]
[Black "Popist, Florian"]
[Result "1/2-1/2"]
[Termination "normal"]
[Board "3.3"]
[WhiteTitle "FM"]
[WhiteElo "2248"]
[BlackElo "2187"]
[WhiteClock "00:04:17"]
[BlackClock "00:04:12"]
[WhiteTeam "Hessen"]
[BlackTeam "Hamburg"]
[PlyCount "68"]
[WhiteFideId "12994219"]
[BlackFideId "16203518"]
[EventCountry "GER"]
[EventRounds "7"]
[EventType "team-swiss"]
[EventDate "2022.09.30"]

1. e4 {[%clk 1:30:40]} c5 {[%clk 1:30:49]} 2. Nf3 {[%clk 1:30:47]} g6 {[%clk
1:31:12]} 3. c3 {[%clk 1:24:30]} Bg7 {[%clk 1:31:07]} 4. d4 {[%clk 1:24:35]}
cxd4 {[%clk 1:31:23]} 5. cxd4 {[%clk 1:25:02]} d5 {[%clk 1:31:38]} 6. e5 {[%clk
1:21:50]} Bg4 {[%clk 1:31:28]} 7. Be2 {[%clk 1:18:47]} Nc6 {[%clk 1:29:36]} 8.
Nc3 {[%clk 1:17:27]} Nh6 {[%clk 1:28:14]} 9. Bxh6 {[%clk 1:08:31]} Bxh6 {[%clk
1:28:07]} 10. Qb3 {[%clk 1:08:11]} Bxf3 {[%clk 1:15:53]} 11. Bxf3 {[%clk
1:08:34]} e6 {[%clk 1:15:36]} 12. Rd1 {[%clk 1:04:24]} Qd7 {[%clk 1:00:20]} 13.
Be2 {[%clk 1:00:23]} O-O {[%clk 0:58:45]} 14. Na4 {[%clk 0:53:01]} Qe7 {[%clk
0:56:57]} 15. O-O {[%clk 0:47:39]} Rfc8 {[%clk 0:49:46]} 16. a3 {[%clk
0:45:48]} Rc7 {[%clk 0:42:19]} 17. Qh3 {[%clk 0:38:43]} Bf8 {[%clk 0:41:45]}
18. Qe3 {[%clk 0:27:11]} Rac8 {[%clk 0:36:00]} 19. Qd2 {[%clk 0:21:46]} Qe8
{[%clk 0:28:12]} 20. Nc3 {[%clk 0:22:00]} a6 {[%clk 0:25:35]} 21. Rc1 {[%clk
0:19:17]} b5 {[%clk 0:25:16]} 22. Na2 {[%clk 0:18:47]} Nb8 {[%clk 0:21:48]} 23.
Rxc7 {[%clk 0:17:30]} Rxc7 {[%clk 0:22:16]} 24. Rc1 {[%clk 0:16:56]} Qd8 {[%clk
0:17:40]} 25. Rxc7 {[%clk 0:12:31]} Qxc7 {[%clk 0:18:07]} 26. Nc1 {[%clk
0:11:24]} Nc6 {[%clk 0:16:40]} 27. Nb3 {[%clk 0:10:44]} Qb6 {[%clk 0:16:16]}
28. Qd3 {[%clk 0:10:31]} Be7 {[%clk 0:13:32]} 29. g3 {[%clk 0:10:16]} Na7
{[%clk 0:11:55]} 30. Kg2 {[%clk 0:05:55]} Kg7 {[%clk 0:09:44]} 31. f4 {[%clk
0:05:28]} Nc6 {[%clk 0:08:12]} 32. Kf1 {[%clk 0:04:08]} Na5 {[%clk 0:07:19]}
33. Nxa5 {[%clk 0:03:58]} Qxa5 {[%clk 0:07:46]} 34. Bd1 {[%clk 0:04:17]} Qc7
{[%clk 0:04:12]} 1/2-1/2

[Event "Deutsche Ländermeisterschaft 2022"]
[Site "Wiesbaden GER"]
[Date "2022.10.02"]
[Round "3"]
[White "Hubert, Charlotte"]
[Black "Hagner, Bennet"]
[Result "0-1"]
[Termination "normal"]
[Board "3.4"]
[WhiteElo "1671"]
[BlackElo "2253"]
[WhiteClock "00:02:12"]
[BlackClock "00:09:56"]
[WhiteTeam "Hamburg"]
[BlackTeam "Hessen"]
[PlyCount "80"]
[WhiteFideId "16265920"]
[BlackFideId "16224477"]
[EventCountry "GER"]
[EventRounds "7"]
[EventType "team-swiss"]
[EventDate "2022.09.30"]

1. e4 {[%clk 1:30:57]} e5 {[%clk 1:30:56]} 2. Nf3 {[%clk 1:31:19]} Nc6 {[%clk
1:31:22]} 3. Bb5 {[%clk 1:31:40]} a6 {[%clk 1:31:47]} 4. Ba4 {[%clk 1:32:03]}
d6 {[%clk 1:32:12]} 5. d4 {[%clk 1:30:37]} Bd7 {[%clk 1:32:06]} 6. c3 {[%clk
1:26:54]} g6 {[%clk 1:31:11]} 7. O-O {[%clk 1:25:10]} Bg7 {[%clk 1:31:08]} 8.
Be3 {[%clk 1:20:40]} Nf6 {[%clk 1:23:04]} 9. Bc2 {[%clk 1:18:02]} O-O {[%clk
1:13:05]} 10. h3 {[%clk 1:13:15]} exd4 {[%clk 1:09:10]} 11. Nxd4 {[%clk
1:08:50]} Qe7 {[%clk 1:07:01]} 12. Nd2 {[%clk 0:54:44]} Rae8 {[%clk 1:03:15]}
13. Re1 {[%clk 0:50:33]} Qd8 {[%clk 0:59:12]} 14. c4 {[%clk 0:40:36]} b6 {[%clk
0:51:53]} 15. f3 {[%clk 0:36:17]} Nh5 {[%clk 0:49:09]} 16. Nxc6 {[%clk
0:32:12]} Bxc6 {[%clk 0:49:37]} 17. Rb1 {[%clk 0:31:08]} f5 {[%clk 0:40:27]}
18. Ba4 {[%clk 0:23:11]} Bxa4 {[%clk 0:31:36]} 19. Qxa4 {[%clk 0:23:38]} Qh4
{[%clk 0:27:34]} 20. Qb3 {[%clk 0:11:34]} Kh8 {[%clk 0:26:49]} 21. Bf2 {[%clk
0:11:03]} Qg5 {[%clk 0:26:36]} 22. Be3 {[%clk 0:09:02]} Nf4 {[%clk 0:25:57]}
23. Bxf4 {[%clk 0:09:01]} Qxf4 {[%clk 0:26:25]} 24. Qd3 {[%clk 0:08:45]} h5
{[%clk 0:19:39]} 25. Nf1 {[%clk 0:07:23]} Qh4 {[%clk 0:19:09]} 26. Re2 {[%clk
0:06:24]} fxe4 {[%clk 0:13:33]} 27. Rxe4 {[%clk 0:06:01]} Rxe4 {[%clk 0:13:59]}
28. Qxe4 {[%clk 0:05:26]} Bd4+ {[%clk 0:14:13]} 29. Kh1 {[%clk 0:05:01]} Qxe4
{[%clk 0:13:48]} 30. fxe4 {[%clk 0:05:24]} Rf2 {[%clk 0:13:22]} 31. Rd1 {[%clk
0:03:55]} Bxb2 {[%clk 0:12:57]} 32. Ne3 {[%clk 0:02:25]} Be5 {[%clk 0:12:09]}
33. a3 {[%clk 0:01:32]} Ra2 {[%clk 0:09:43]} 34. Nd5 {[%clk 0:01:24]} Rxa3
{[%clk 0:10:05]} 35. Nxc7 {[%clk 0:01:44]} a5 {[%clk 0:09:10]} 36. Nb5 {[%clk
0:01:42]} Ra1 {[%clk 0:09:04]} 37. Rxa1 {[%clk 0:02:04]} Bxa1 {[%clk 0:09:32]}
38. Nxd6 {[%clk 0:02:22]} a4 {[%clk 0:09:36]} 39. c5 {[%clk 0:01:47]} bxc5
{[%clk 0:09:36]} 40. Nc4 {[%clk 0:02:12]} Bb2 {[%clk 0:09:56]} 0-1